000 00453nam a2200169Ia 4500
008 230718s9999 xx 000 0 und d
020 _a9781259062957
041 _aeng
082 _a621.319'2
_bSIN
100 _aSingh R.R.
_9170967
245 _aNetwork Analysis And Synthesis
260 _c2017
_bMcGraw Hill
300 _a1200
365 _cRs.
_b595.00
700 _aSingh R.R.
_9170967
906 _dO:0571304-Oct-2017B:471129-Sep-2017
_cSE
_b5831
999 _c345595
_d345595